000 00427nam a2200181Ia 4500
001 16796
005 20260306170337.0
008 260306t2000||||xx |||||||||||||| ||und||
041 _aESP
082 _a657
_bM38 2000
100 _aMeigs, Robert F.
_eAUT
245 0 _aContabilidad:
_bla base para decisiones gerenciales
260 _c2000
300 _a
_c
650 _aGEN
654 _aCCO
942 _cLIB
_dJUS
_fJUS
_2ddc
_n
999 _c16796
_d16796